[Event "SRB-ch U20"]
[Site "Donji Milanovac"]
[Date "2013.08.19"]
[Round "8"]
[White "Mladenovic, Stefan N"]
[Black "Lukovic, Vladimir"]
[Result "1/2-1/2"]
[WhiteElo "2288"]
[BlackElo "2346"]
[PlyCount "24"]
[EventDate "2013.08.15"]
[EventType "tourn"]
[EventRounds "11"]
[EventCountry "SRB"]
[EventCategory "1"]
[SourceTitle "CBM 156 Extra"]
[Source "ChessBase"]
[SourceDate "2013.10.22"]
[SourceVersion "1"]
[SourceVersionDate "2013.10.22"]
[SourceQuality "1"]

1. d4 d5 2. c4 c6 3. Nf3 Nf6 4. e3 g6 5. Nc3 Bg7 6. Be2 0-0 7. 0-0 a6 8. b4 Bg4 9. cxd5 cxd5 10. h3 Bxf3 11. Bxf3 e6 12. a4 Nbd7 1/2-1/2

[Event "SRB-ch U20"]
[Site "Donji Milanovac"]
[Date "2013.08.16"]
[Round "3"]
[White "Mladenovic, Stefan N"]
[Black "Jovanovic, Bojan P"]
[Result "1/2-1/2"]
[WhiteElo "2288"]
[BlackElo "2228"]
[PlyCount "37"]
[EventDate "2013.08.15"]
[EventType "tourn"]
[EventRounds "11"]
[EventCountry "SRB"]
[EventCategory "1"]
[SourceTitle "CBM 156 Extra"]
[Source "ChessBase"]
[SourceDate "2013.10.22"]
[SourceVersion "1"]
[SourceVersionDate "2013.10.22"]
[SourceQuality "1"]

1. d4 d5 2. c4 c6 3. cxd5 cxd5 4. Nc3 Nc6 5. Bf4 Bf5 6. e3 e6 7. Nf3 Nf6 8. Bd3 Bxd3 9. Qxd3 Bd6 10. Bxd6 Qxd6 11. 0-0 0-0 12. Rac1 Rfc8 13. Qb5 Qb4 14. Qxb4 Nxb4 15. a3 Na6 16. Ne2 Kf8 17. Rxc8+ Rxc8 18. Rc1 Rxc1+ 19. Nxc1 1/2-1/2

[Event "SRB-ch U20"]
[Site "Donji Milanovac"]
[Date "2013.08.15"]
[Round "1"]
[White "Mladenovic, Stefan N"]
[Black "Kiproski, Branislav"]
[Result "1/2-1/2"]
[WhiteElo "2288"]
[BlackElo "2119"]
[PlyCount "51"]
[EventDate "2013.08.15"]
[EventType "tourn"]
[EventRounds "11"]
[EventCountry "SRB"]
[EventCategory "1"]
[SourceTitle "CBM 156 Extra"]
[Source "ChessBase"]
[SourceDate "2013.10.22"]
[SourceVersion "1"]
[SourceVersionDate "2013.10.22"]
[SourceQuality "1"]

1. d4 d5 2. c4 e6 3. Nf3 c6 4. Nc3 f5 5. g3 Nf6 6. Bg2 Bd6 7. 0-0 b6 8. Qc2 Ne4 9. Nd2 Bb7 10. f3 Nxc3 11. bxc3 f4 12. gxf4 Bxf4 13. Nb3 0-0 14. cxd5 exd5 15. Bxf4 Rxf4 16. e3 Rh4 17. e4 Qd6 18. e5 Qh6 19. c4 Na6 20. f4 Rxf4 21. Rxf4 Qxf4 22. Rf1 Qe3+ 23. Kh1 Rf8 24. Rxf8+ Kxf8 25. Qf5+ Ke7 26. Bh3 1/2-1/2

[Event "SRB-ch U20"]
[Site "Donji Milanovac"]
[Date "2013.08.15"]
[Round "2"]
[White "Zajic, Milan"]
[Black "Mladenovic, Stefan N"]
[Result "1/2-1/2"]
[WhiteElo "2276"]
[BlackElo "2288"]
[PlyCount "39"]
[EventDate "2013.08.15"]
[EventType "tourn"]
[EventRounds "11"]
[EventCountry "SRB"]
[EventCategory "1"]
[SourceTitle "CBM 156 Extra"]
[Source "ChessBase"]
[SourceDate "2013.10.22"]
[SourceVersion "1"]
[SourceVersionDate "2013.10.22"]
[SourceQuality "1"]

1. e4 e5 2. Nf3 Nc6 3. Bc4 Bc5 4. c3 Nf6 5. d3 a6 6. Bb3 d5 7. Qe2 0-0 8. h3 h6 9. Nbd2 dxe4 10. dxe4 Qe7 11. Nf1 Be6 12. Ng3 Rad8 13. 0-0 Rfe8 14. Be3 Bxe3 15. Qxe3 Na5 16. Bxe6 Qxe6 17. b3 Nc6 18. Rad1 Rd7 19. c4 Red8 20. Rd5 1/2-1/2